000 00493nam a2200157 i 4500
001 bg
245 0 _aBudownictwo komunikacyjne i geotechnika.
260 _aLublin,
_c1979.
490 1 _aPrace Instytutu Inżynierii Budowlanej i Sanitarnej / Politechnika Lubelska. Seria B
830 0 _aPrace Instytutu Inżynierii Budowlanej i Sanitarnej (Politechnika Lubelska).
_pSeria B
040 _cBPK
041 _apol
080 _a625
942 _cKS
008 s pl f |000 0 pol
999 _c19505
_d19505
856 _uhttp://koha.tu.koszalin.pl/cgi-bin/koha/opac-detail.pl?biblionumber=19505
_yKatalog online BPK